Asphalt dreams: road construction and environmental citizenship in Peru /

Uloženo v:
Podrobná bibliografie
Hlavní autor: Pieck, Sonja K.
Médium: Text
Tagy: Přidat tag
Žádné tagy, Buďte první, kdo vytvoří štítek k tomuto záznamu!

MARC

LEADER 00000 a a2200000 04500
001 47993
003
040
100 |a Pieck, Sonja K.  
245 |a Asphalt dreams:   |b road construction and environmental citizenship in Peru /  |c Sonja K. Pieck  
773 |g volumen44, número5, (2013), páginas 1039-1163 : mapas  
999 |c 38835  |d 38835